| 000 | 00441nam a2200181Ia 4500 | ||
|---|---|---|---|
| 001 | 10271 | ||
| 005 | 20260306161819.0 | ||
| 008 | 260306t2020||||xx |||||||||||||| ||spa|| | ||
| 041 | _aESP | ||
| 082 |
_aRT 912.854 _bZ55 |
||
| 100 |
_aZeballos Velarde, Carlos Renzo, _eAUT |
||
| 245 | 0 | _aAtlas ambiental de Arequipa | |
| 260 | _c2020 | ||
| 300 |
_a310 páginas : _c34 cm. |
||
| 650 | _aGEN | ||
| 654 | _aCHU | ||
| 942 |
_cLIB _dJUS _fJUS _2ddc _n |
||
| 999 |
_c10271 _d10271 |
||